Zagon a Dolce Vita zaskočili favoritov prekvapujúci víťazi hlavných dostihov mítingu Turf-gala

Bibliographic Details
Main Author: Gressner, Igor (Author)
Format: Article
Language:Slovak
PhysicalDescription:Fotogr.
ISSN:0139-7001
Subjects:

MARC

LEADER 00000nab a2200000 a 4500
001 vtls000797480
003 SK-MaSNL
005 20260302155349.0
008 040806c2002 xo 0 slo
015 |a SNBRB2002/06-19843 
035 |a CLN000149135 
040 |a SNKBUCL  |b slo  |c SNKBUCL  |e AACR2 
041 0 |a slo 
044 |a xo  |c SK 
080 |a 798.42/.44.093.1  |2 UDC-MRF-SK2 
100 1 |a Gressner, Igor  |4 aut  |9 838363 
245 1 0 |a Zagon a Dolce Vita zaskočili favoritov  |b prekvapujúci víťazi hlavných dostihov mítingu Turf-gala  |c Igor Gressner 
300 |b Fotogr. 
611 2 7 |a Turf gala  |n (24. :  |d 2002  |c Bratislava, Slovensko)  |2 snkbucl  |9 853673 
650 0 7 |a jazdectvo  |x dostihy  |2 snkbucl  |9 842330 
655 7 |a články z novín a časopisov  |2 snkbucl  |9 267496 
773 0 |x 0139-7001  |t Šport  |g Roč. 56, č. 127 (3.6.2002), s. 18 
850 |a Slovenská národná knižnica v Martine 
852 |a SNK  |b KIS3GCP 
999 |c 1371228  |d 1373158